Europe in the sixteenth century (Record no. 10378)

MARC details
000 -LEADER
fixed length control field 00432nam a22001697a 4500
005 - DATE AND TIME OF LATEST TRANSACTION
control field 20170822175138.0
008 - FIXED-LENGTH DATA ELEMENTS--GENERAL INFORMATION
fixed length control field 160413b xxu||||| |||| 00| 0 eng d
020 ## - INTERNATIONAL STANDARD BOOK NUMBER
International Standard Book Number 0-333-32712-8
040 ## - CATALOGING SOURCE
Modifying agency BSU
082 ## - DEWEY DECIMAL CLASSIFICATION NUMBER
Edition number 21
Classification number 940.2 MAL
100 ## - MAIN ENTRY--PERSONAL NAME
Personal name MAland, David
9 (RLIN) 20787
245 ## - TITLE STATEMENT
Title Europe in the sixteenth century
250 ## - EDITION STATEMENT
Edition statement 2nd ed
260 ## - PUBLICATION, DISTRIBUTION, ETC. (IMPRINT)
Place of publication, distribution, etc Houndmills
Name of publisher, distributor, etc Mackmillan Publishers
Date of publication, distribution, etc 1982
300 ## - PHYSICAL DESCRIPTION
Extent vii,234p.
942 ## - ADDED ENTRY ELEMENTS (KOHA)
Source of classification or shelving scheme Dewey Decimal Classification
Item type Books
Holdings
Withdrawn status Lost status Source of classification or shelving scheme Damaged status Not for loan Collection code Home library Current library Shelving location Date acquired Source of acquisition Total Checkouts Full call number Barcode Date last seen Copy number Price effective from Koha item type
    Dewey Decimal Classification       Main Library Main Library   13/04/2016 Donation   940.2 MAL 19659 13/04/2016 1 13/04/2016 Books

© 2017 Bishop Stuart University Library. All Rights Reserved.
Kakoba Campus, Plot 150 Buremba Road | P.O. Box 9, Mbarara, UGANDA | Tel: +256-772-463068
Email: library@bsu.ac.ug